000 00315nam a22001457a 4500
008 230627b ||||| |||| 00| 0 eng d
020 _a9780834210554
041 _aeng
080 _a94
082 _a94MIL
100 _a28
101 _aHIS
245 _aHEALTH POLICY POLITICS
_cMILSTEAD.A.J
942 _2udc
_cBK
999 _c60048
_d60048